00494 2200181 4500001002100000005001500021008004100036020001800077035001900095041000600114082001000120090001600130100002000146245005300166260004500219300003000264650001800294INLIS00000000000590520241224113205241224||||||||| | ||| |||| ||  a979-20-2705-x 0010-1224005905 a00 a006.4 a006.4 SIN a0 aSinggih Santoso00aAplikasi Excel Pada Marketing Dan Riset Konsumen aJakartabPT. Elex Media Komputindoc2001 ax, 372 hlm.: Ilus.: 21 cm 0aIlmu Komputer